| 000 | 01612nam a22004457a 4500 | ||
|---|---|---|---|
| 001 | 000095345 | ||
| 003 | CHAP | ||
| 005 | 20220329143106.0 | ||
| 008 | 060306d2005 mx r 00110 spa d | ||
| 010 | _a91811 | ||
| 011 | _a92783 | ||
| 035 | _a103349 | ||
| 040 | _cCHAP | ||
| 090 | _aTesis | ||
| 100 | 1 |
_aGonzález Rojas, Karina. _949364 |
|
| 245 | 1 | 0 |
_aEstudio de factibilidad económica de un proyecto ecoturístico de educación ambiental / _c/por Karina González Rojas. |
| 260 |
_aChapingo, Méx. : _bEl autor, _c2005. |
||
| 300 |
_a138 h. : _bilus. |
||
| 502 | _aTesis (Ing. Agr. Esp. en Economía Agrícoal) - - UACH. División de Ciencias Forestales | ||
| 590 |
_aALEPH _b10 _c20130110 _lUCH01 _h1509 |
||
| 590 |
_aBATCH-UPD _b10 _c20130110 _lUCH01 _h0858 |
||
| 590 |
_aBATCH-UPD _b10 _c20130410 _lUCH01 _h0528 |
||
| 590 |
_aBATCH-UPD _b10 _c20130914 _lUCH01 _h1244 |
||
| 590 |
_aBATCH-UPD _b10 _c20140324 _lUCH01 _h1454 |
||
| 590 |
_aBATCH-UPD _b10 _c20141002 _lUCH01 _h0829 |
||
| 590 |
_aCONVERSION _b10 _c20130109 _lUCH01 _h1351 |
||
| 590 |
_aE12093SGE _b10 _c20130605 _lUCH01 _h0955 |
||
| 650 | 1 | 4 |
_aEcoturismo. _935298 |
| 650 | 1 | 4 |
_aEducación ambiental. _935556 |
| 650 | 1 | 4 |
_aProyectos de desarrollo. _992528 |
| 650 | 1 | 4 |
_aProyectos _xFinanciamiento. _992526 |
| 650 | 1 | 4 |
_aRecursos naturales _xZacatecas. _995325 |
| 856 |
_3Finding aid _uhttp://10.13.5.2/tesis/103349.pdf _zTeclea aquí |
||
| 901 | _aBK | ||
| 905 | _aLilia | ||
| 942 | _cCD | ||
| 942 | _n0 | ||
| 949 |
_aTesis _bBC _cTES _d33724000981163 _eTS1 _h44794 _i103349 _sb |
||
| 949 |
_aTesis _bBC _cTES _d33724000981221 _eTS2 _fc.2 _h44795 _i103349 _si |
||
| 999 |
_c91811 _d91811 |
||